000 01550nam a22002057a 4500
005 20240221094002.0
008 240215b ||||| |||| 00| 0 eng d
020 _a9789353335205
040 _cAL
041 _aeng
082 _223
_a152.4
_bREKT
100 _aMarc Reklau
_9151629
245 _aThirty days change your habits, change your life
260 _aNew Delhi
_bRupa Publications
_c2019
300 _axvi,214p.
_bPB
_c20x12cm.
365 _2General
_aVBI-2022
_b₹221.00
_c
_d₹295.00
_e25%
_f16/01/2024
520 _aHave you ever wondered why some people seem to get everything easily while others don't? Are you tired of waiting for your life to change? How long are you willing to wait till your circumstances change magically? 30 Days is a simple, fast-paced book where you will learn what it takes to create the life you want. In this book, international bestselling author Marc Reklau introduces the readers to some proven tips, tricks and exercises that can improve their life beyond imagination! All it takes is following them constantly and persistently. More good news: You can start by creating new habits and working towards your goals consistently, doing things that bring you closer to your goals every single day. This book shows you how to make it possible. You can do it! You deserve it! Thirty days does make a difference and you CAN really create a happier, healthier and wealthier life. All you have to do is stop waiting and start acting!
650 _2Emotions And Senses
_aEmotions
_9151630
942 _2ddc
_cBK
999 _c229831
_d229831